00976 a2200145 4500003000500000005001700005040000900022082001500031100001800046245008300064260002800147300001400175505061800189650002300807Nust20220719183143.0 cNust a001.51,HIJ aHijazi.M.A Dr aMass Communication :bTheory & practice /cProf Dr M.A Hijazi , Prof GM Naqash aLahorebA-One Pubc2004 axvii,349p aFrom Journalism to Mass Communication (Page-1), Mass Communication (Page-9), Growth and Role of Muslim Press in India (Page-19), Muslim Press in Areas Forming Pakistan (Page-45), Development of Press in Pakistan (Page-73), Media and National Development (Page-99), New Print Technology (Page-107), What is News (Page-119), Reporting (Page-133), Editing Process (Page-179), Headline (Page-221), Page Make-Up, Lay-Out Display or Design (Page-245), Picture Editing (Page-261), Radio Monitoring (Page-273), Freedom of the press (Page-279), New World Information Order (Page-301), Development Communication (Page-309). aMass Communication